000 00822nam a2200253Ia 4500
003 OSt
005 20220923212938.0
006 a|||||r|||| 00| 0
007 ta
008 220922b |||||||| |||| 00| 0 hin d
024 _a157,217
037 _cTextual
040 _aARTS
_cARTS
_bhin
041 _2hin
_ahin
082 _aO152,1:gN5, M0
100 _aगुलाटी, यश
245 0 _aकविता और संघर्ष चेतना
246 _aKavitā aur sangharṣha chetanā
260 _aदिल्ली
_b इन्द्रप्रस्थ प्रकाशन
_c1980
300 _a184 पृ.
_ccm.
650 _aहिन्दी साहित्य
_9156264
942 _hO152,1:gN5, M0
_cTEXL
_2CC
999 _c312434
_d312434